Scientific determinism and the quest for a complete unified theory of biology (Record no. 45470)

MARC details
000 -LEADER
fixed length control field 00377nam a2200109Ia 4500
100 ## - MAIN ENTRY--AUTHOR NAME
Personal name Jacob J
245 #0 - TITLE STATEMENT
Title Scientific determinism and the quest for a complete unified theory of biology
260 ## - PUBLICATION, DISTRIBUTION, ETC. (IMPRINT)
Name of publisher 2nd International Congress on Plant Physiology, 8-12 January 2003, New Delhi.p.44
650 ## - SUBJECT ADDED ENTRY--TOPICAL TERM
Topical Term Genetic diversity
942 ## - ADDED ENTRY ELEMENTS (KOHA)
Koha item type Reprints
Holdings
Withdrawn status Lost status Damaged status Not for loan Home library Current library Shelving location Date acquired Koha item type
      Reprints RRII Library RRII Library Plant physiology 22/12/2021 Reprints